NFL Team Most Receiving Yards in a Superbowl - Statistics

General Stats
  • This quiz has been taken 38 times
  • The average score is 9 of 28
Answer Stats
Team Yards Player % Correct
SFF 215 Jerry Rice
100%
DEN 152 Rod Smith
69%
ATL 87 Julio Jones
63%
DAL 114 Michael Irvin
63%
LAR 162 Isaac Bruce
59%
ARI 127 Larry Fitzgerald
59%
BUF 152 Andre Reed
50%
PIT 161 Lynn Swann
50%
TEN 64 Jackie Harris
47%
PHI 122 Terrell Owens
44%
GBP 140 Jordy Nelson
38%
IND 86 Dallas Clark
31%
LVR 94 Cliff Branch
28%
NOS 83 Marques Colston
28%
CAR 140 Muhsin Muhammad
28%
CHI 129 Willie Gault
28%
MIA 92 Mark Clayton
25%
CIN 107 Cris Collinsworth
22%
WAS 193 Ricky Sanders
22%
KAN 157 Xavier Worthy
22%
BAL 104 Anquan Boldin
19%
NEP 152 Danny Amendola
9%
NYG 109 Hakeem Nicks
6%
NYJ 133 George Sauer
3%
TBB 78 Joe Jurevicius
3%
SEA 109 Chris Matthews
0%
MIN 111 John Henderson
0%
LAC 75 Mark Seay
0%
No matching quizzes found
Score Distribution
Percent of People with Each Score
Percentile by Number Answered
Your Score History
You have not taken this quiz